Jorge Castillo (Record no. 6695)

MARC details
000 - LÍDER
campo de control de longitud fija 00735nam a2200193Ia 4500
008 - ELEMENTOS DE DATOS DE LONGITUD FIJA - INFORMACIÓN GENERAL
campo de control de longitud fija 0000001987 ck a 0000000000spa00
090 ## - NÚMERO DE LLAMADA DE TIPO LC LOCALMENTE ASIGNADO (OCLC)
Número de clasificación (OCLC) (R) PSP00 C17j
100 1# - ENTRADA PRINCIPAL - NOMBRE PERSONAL
Nombre de la persona Castillo, Jorge
Fechas asociadas a un nombre 1933
245 10 - TÍTULO DECLARACIÓN
Título Jorge Castillo
Resto del título : pinturas recientes
260 ## - PUBLICACIÓN, DISTRIBUCIÓN
Lugar de publicación Bogotá : Galería Fernando Quintana
Fecha de publicación 1987
300 ## - DESCRIPCIÓN FÍSICA
Alcance [28] p.
Dimensiones / 29 cm.
500 ## - NOTA GENERAL
Nota general Exposición realizada en la Galería Fernando Quintana, Bogotá, Marzo, 1987 \ Con el patronazgo del maestro venezolano Jesús Rafael Soto (q.e.p.d.)
600 00 - ENTRADA DE SUJETO AÑADIDO - NOMBRE PERSONAL
Nombre de la persona CASTILLO, JORGE, 1933/
Subdivisión general TRABAJOS PICTORICOS
650 14 - ENTRADA DE SUJETO AÑADIDO - TÉRMINO TÓPICO
Término tópico o elemento de entrada del nombre geográfico ARTE CONTEMPORANEO ESPAÑOL
650 14 - ENTRADA DE SUJETO AÑADIDO - TÉRMINO TÓPICO
Subdivisión general CATALOGOS
650 14 - ENTRADA DE SUJETO AÑADIDO - TÉRMINO TÓPICO
Subdivisión general EXPOSICIONES
650 14 - ENTRADA DE SUJETO AÑADIDO - TÉRMINO TÓPICO
Término tópico o elemento de entrada del nombre geográfico PINTORES ESPAÑOLES
650 14 - ENTRADA DE SUJETO AÑADIDO - TÉRMINO TÓPICO
Término tópico o elemento de entrada del nombre geográfico PINTURA ESPAÑOLA
Holdings
Estado de retirada Pérdida de estatus Estado dañado No para préstamo Código de recogida Ubicación permanente Ubicación actual Ubicación de las estanterías Fecha de adquisición Número de llamada completo Código de barras Fecha de la última vez que se vio Número de copia Precio efectivo desde Tipo de artículo Koha
        General ArtNexus ArtNexus General 06/09/2022 P-SP-00 C17J 6699 06/09/2022 Ej.1 06/09/2022 Libro

Powered by Koha